| 000 | 00359nam a2200133Ia 4500 | ||
|---|---|---|---|
| 999 |
_c4752 _d4752 |
||
| 008 | 200103s 1993 ||||xx |||||||||||||| ||und|| | ||
| 020 | _a9780113405671 | ||
| 082 |
_a363.37092 _bHMS |
||
| 100 | _aHMSO | ||
| 245 | 0 | _aManual of firemanship : a survey of the science of firefighting | |
| 260 |
_bHMSO _c1993 _aLondon |
||
| 300 | _axv, 334p. | ||
| 942 | _cBK | ||